Neartic Walshiidae notes and new taxa, Lepidoptera: Gelechioidea
Guardat en:
| Autor principal: | |
|---|---|
| Format: | Llibre |
| Idioma: | anglès |
| Publicat: |
Washington, D.C
Smithsonian Institution
1969
|
| Col·lecció: | Smithsonian Contributions to Zoology, 18
|
| Matèries: | |
| Etiquetes: |
Afegir etiqueta
Sense etiquetes, Sigues el primer a etiquetar aquest registre!
|
MARC
| LEADER | 00000nam a2200000 a 4500 | ||
|---|---|---|---|
| 001 | UCL7422 | ||
| 003 | CL-VaPUC | ||
| 008 | 040520e19690000US |||||||||||||||||eng|d | ||
| 082 | 0 | 4 | |a 595.78 |b HOD |2 21 |
| 100 | 0 | |a Hodges, Ronald W |e author |9 485271 | |
| 245 | 1 | 0 | |a Neartic Walshiidae notes and new taxa, Lepidoptera: Gelechioidea |
| 300 | |a 30 p | ||
| 942 | |c BK | ||
| 945 | |d 20040520 00:00:00 |a cmena | ||
| 260 | |a Washington, D.C |b Smithsonian Institution |c 1969 | ||
| 650 | 7 | |a LEPIDOPTEROS |2 CL-VaPUC |9 331930 | |
| 650 | 0 | |a Insectos |9 264174 | |
| 650 | 0 | |a Distribución geográfica |9 260005 | |
| 650 | 0 | |a Taxonomia |9 341054 | |
| 583 | |a last modification |c 20040520 00:00:00 |k Rodrigo Vera | ||
| 490 | 0 | |a Smithsonian Contributions to Zoology, 18 | |
| 999 | |c 309168 |d 309166 | ||